The Hidden War (Record no. 63196)

000 -LEADER
fixed length control field 00454nam a22001817a 4500
003 - CONTROL NUMBER IDENTIFIER
control field NUST - PNEC
005 - DATE AND TIME OF LATEST TRANSACTION
control field 20170116180806.0
008 - FIXED-LENGTH DATA ELEMENTS--GENERAL INFORMATION
fixed length control field 150422b xxu||||| |||| 00| 0 eng d
020 ## - INTERNATIONAL STANDARD BOOK NUMBER
International Standard Book Number 0571141072
040 ## - CATALOGING SOURCE
Transcribing agency LIBRARY
082 ## - DEWEY DECIMAL CLASSIFICATION NUMBER
Classification number 958.1045 BOR
100 ## - MAIN ENTRY--PERSONAL NAME
9 (RLIN) 2989
Personal name Borovik, Artem
245 ## - TITLE STATEMENT
Title The Hidden War
Statement of responsibility, etc. Artyom Borovik
260 ## - PUBLICATION, DISTRIBUTION, ETC.
Place of publication, distribution, etc. Lodon
Name of publisher, distributor, etc. Faber;
Date of publication, distribution, etc. c1990.
300 ## - PHYSICAL DESCRIPTION
Extent 288p. :
650 ## - SUBJECT ADDED ENTRY--TOPICAL TERM
9 (RLIN) 2991
Topical term or geographic name entry element Afghanistan
General subdivision General
942 ## - ADDED ENTRY ELEMENTS (KOHA)
Source of classification or shelving scheme
Koha item type Book
Holdings
Withdrawn status Lost status Source of classification or shelving scheme Damaged status Not for loan Permanent Location Current Location Shelving location Date acquired Source of acquisition Cost, normal purchase price Total Checkouts Full call number Barcode Date last seen Cost, replacement price Price effective from Koha item type
          Pakistan Navy Engineering College (PNEC) Pakistan Navy Engineering College (PNEC)   02/08/1996 Kashif Book Stall 910.00   958.1045 BOR PNECLIB-018375 04/22/2015 910.00 02/08/1996 Book
© 2023 Central Library, National University of Sciences and Technology. All Rights Reserved.